000 00931 a2200253 4500
005 20080924111043.0
008 080924t xxu||||| |||| 00| 1aeng d
010 _aENG-91129
020 _c195.00
035 _aEN-74662
037 _bDBAD / PUB
040 _adpl
_bEnglish
082 _aS
100 _aBalakrishnan, G.S.
245 _aIntimate moments and other stories /
_cby G.S. Balakrishnan; translated from the Tamil by G.B. Prabhat
260 _aChennai
_bKriyator
_c2008
260 _aNew Delhi
_bEastWest
_c2008
270 _aF-5, Okhla Industrial Area, Phases-I, Mezzanine Floor,
_bNew Delhi
_e110020
300 _aix, 172p.
_c23cm. (pbk)
650 _2Short stories, Tamil
_xTranslation into English
700 _aPrabhat, G.B.
942 _adpl
_cEN
_2ddc
_mBAL
_hS
999 _c16213
_d16213